Österreich EM-Kader 2024 - Statistiken

Allgemein
  • Dieses Quiz wurde 30 mal gespielt
  • Das Durchschnittsergebnis liegt bei 15 aus 27
Antwortstatistiken
Hint Hint Antwort % Korrekt
20 Bayern München Konrad Laimer
96%
9 Borussia Dortmund Marcel Sabitzer
92%
19 RB Leipzig Christoph Baumgartner
88%
23 VfL Wolfsburg Patrick Wimmer
88%
4 RC Lens Kevin Danso
83%
7 Inter Mailand Marko Arnautovic
83%
6 RB Leipzig Nicolas Seiwald
79%
16 Mainz 05 Philipp Mwene
75%
13 Brondby IF Patrick Pentz
71%
18 Werder Bremen Romano Schmid
67%
5 TSG Hoffenheim Stefan Posch
67%
8 Sturm Graz Alexander Prass
63%
17 1. FC Köln Florian Kainz
58%
15 SC Freiburg Philipp Lienhart
58%
10 TSG Hoffenheim Florian Grillitsch
54%
3 Feyenoord Rotterdam Gernot Trauner
50%
2 Mönchengladbach Maximilian Wöber
42%
12 Rapid Wien Niklas Hedl
42%
26 Rapid Wien Marco Grüll
33%
24 West Bromwich Albion Andreas Weimann
29%
Trainer Ralf Rangnick
29%
14 FC Bologna Leopold Querfeld
25%
22 Rapid Wien Matthias Seidl
25%
1 Union St. Gilloise Heinz Lindner
21%
25 TSV Hartberg Maximilian Entrup
21%
11 SC Freiburg Michael Gregoritsch
21%
21 Red Bull Salzburg Flavius Daniliuc
13%
Keine übereinstimmenden Quizze gefunden
Verteilung der Resultate
Anzahl Personen mit jedem Resultat
Perzentil nach korrekt beantworteten Fragen
Ihre Resultats-Entwicklung
Sie haben dieses Quiz noch nicht gespielt